The handbook of Chinese linguistics /
"Offers a unique, comprehensive introduction to Chinese linguistics from the perspective of modern theoretical and formal linguistics"--
| Format: | eBook |
|---|---|
| Language: | English Chinese |
| Published: |
Malden, MA Chichester, West Sussex, UK :
Wiley-Blackwell,
2014.
|
| Edition: | First Edition. |
| Series: | Blackwell handbooks in linguistics.
|
| Subjects: | |
| Online Access: | Full Text via HEAL-Link |
| LEADER | 02691nam a2200673 4500 | ||
|---|---|---|---|
| 001 | ocn859168804 | ||
| 003 | OCoLC | ||
| 005 | 20170124072612.9 | ||
| 006 | m o d | ||
| 007 | cr ||||||||||| | ||
| 008 | 130927s2014 mau o 001 0 eng | ||
| 010 | |a 2013039620 | ||
| 040 | |a DLC |b eng |e rda |c DLC |d YDX |d N$T |d E7B |d CUS |d DG1 |d YDXCP |d CCO |d OCLCF |d COO |d DEBBG |d GrThAP | ||
| 020 | |a 9781118584385 (Adobe PDF) | ||
| 020 | |a 1118584384 (Adobe PDF) | ||
| 020 | |a 9781118584545 (ePub) | ||
| 020 | |a 1118584546 (ePub) | ||
| 020 | |z 9780470655344 (hardback) | ||
| 020 | |a 9781118584392 | ||
| 020 | |a 1118584392 | ||
| 020 | |a 9781118584552 | ||
| 020 | |a 1118584554 | ||
| 020 | |a 0470655348 | ||
| 020 | |a 9780470655344 | ||
| 029 | 1 | |a NLGGC |b 373105460 | |
| 029 | 1 | |a NZ1 |b 15497393 | |
| 029 | 1 | |a NZ1 |b 15906661 | |
| 029 | 1 | |a NZ1 |b 16092117 | |
| 029 | 1 | |a DEBBG |b BV043396250 | |
| 035 | |a (OCoLC)859168804 | ||
| 041 | 0 | |a eng |a chi | |
| 042 | |a pcc | ||
| 050 | 0 | 0 | |a PL1071 |
| 072 | 7 | |a FOR |x 025000 |2 bisacsh | |
| 082 | 0 | 0 | |a 495.1 |2 23 |
| 084 | |a LAN009000 |2 bisacsh | ||
| 049 | |a MAIN | ||
| 245 | 0 | 4 | |a The handbook of Chinese linguistics / |c C.T. James Huang, Y. H. Audrey Li, Andrew Simpson. |
| 250 | |a First Edition. | ||
| 264 | 1 | |a Malden, MA |a Chichester, West Sussex, UK : |b Wiley-Blackwell, |c 2014. | |
| 300 | |a 1 online resource. | ||
| 336 | |a text |2 rdacontent | ||
| 337 | |a computer |2 rdamedia | ||
| 338 | |a online resource |2 rdacarrier | ||
| 490 | 1 | |a Blackwell handbooks in linguistics | |
| 500 | |a Includes index. | ||
| 520 | |a "Offers a unique, comprehensive introduction to Chinese linguistics from the perspective of modern theoretical and formal linguistics"-- |c Provided by publisher. | ||
| 588 | |a Description based on print version record and CIP data provided by publisher. | ||
| 504 | |a Includes bibliographical references and index. | ||
| 505 | 0 | |a Part I. Syntax, semantics, and morphology -- part II. Phonetics, phonology, and prosody -- part III. Language acquisition and psycholinguistics -- part IV. Historical linguistics -- part V. Morpho-syntax of other non-Mandarin varieties of Chinese. | |
| 650 | 0 | |a Chinese language |v Handbooks, manuals, etc. | |
| 650 | 7 | |a LANGUAGE ARTS & DISCIPLINES / Linguistics / General. |2 bisacsh | |
| 650 | 7 | |a Chinese language. |2 fast |0 (OCoLC)fst00857383 | |
| 655 | 4 | |a Electronic books. | |
| 655 | 7 | |a Handbooks and manuals. |2 fast |0 (OCoLC)fst01423877 | |
| 776 | 0 | 8 | |i Print version: |t Handbook of Chinese linguistics |d First Edition |z 9780470655344 |w (DLC) 2013038492 |
| 830 | 0 | |a Blackwell handbooks in linguistics. | |
| 856 | 4 | 0 | |u https://doi.org/10.1002/9781118584552 |z Full Text via HEAL-Link |
| 994 | |a 92 |b DG1 | ||